000 00484nam a2200169Ia 4500
003 GCL
008 140319s9999 xx 000 0 ara d
040 _aGCL /
_cGCL
082 0 4 _a216
_bا ا
100 1 _aابراهيم على شعوط
245 1 0 _aاباطيل يجب ان تمحى من التاريخ /
_cابراهيم على شعوط
300 _a176
490 _a100 قصة
_v0
650 0 4 _aالاسلام
650 0 4 _aالتاريخ الاسلامى
942 _2ddc
_cBK
999 _c43893
_d43893